000 00890nam a2200265 i 4500
001 103547
003 ES-MaACL
005 20251005063103.0
007 t|
008 060406s1980 sp ||||1| spa d
020 _a84-321-2062-6
080 _a342.25(460)(045)
080 _a32(460)"1975/...2(045)
100 0 _aGil Robles, José María,
_d1898-1980
_956869
245 1 3 _aLa aventura de las autonomías /
_cJosé María Gil Robles ; prólogo de Augusto Assía.
260 _aMadrid :
_bRialp,
_c[1980]
300 _a258 p. ;
_c18 cm.
490 1 _aLibros de bolsillo Rialp ;
_v103
650 _aEspaña-
_xComunidades autónomas.
_9178649
651 4 _aEspaña-
_xPolítica y gobierno-
_y1975-1982.
_98447
700 1 _aAssía, Augusto.
_923657
830 0 0 _aLibros de bolsillo Rialp
_v103
_9181424
852 _aES-MaACL
_jC-56874
_bR.130973
999 _c103547
_d103547